<?xml version="1.0" encoding="UTF-8"?><?xml-stylesheet type="text/xsl" href="static/style.xsl"?><OAI-PMH xmlns="http://www.openarchives.org/OAI/2.0/" xmlns:xsi="http://www.w3.org/2001/XMLSchema-instance" xsi:schemaLocation="http://www.openarchives.org/OAI/2.0/ http://www.openarchives.org/OAI/2.0/OAI-PMH.xsd"><responseDate>2026-04-18T02:07:31Z</responseDate><request verb="GetRecord" identifier="oai:www.recercat.cat:10230/69318" metadataPrefix="marc">https://recercat.cat/oai/request</request><GetRecord><record><header><identifier>oai:recercat.cat:10230/69318</identifier><datestamp>2025-12-21T18:02:10Z</datestamp><setSpec>com_2072_6</setSpec><setSpec>col_2072_452952</setSpec></header><metadata><record xmlns="http://www.loc.gov/MARC21/slim" xmlns:dcterms="http://purl.org/dc/terms/" xmlns:xsi="http://www.w3.org/2001/XMLSchema-instance" xmlns:doc="http://www.lyncode.com/xoai" xsi:schemaLocation="http://www.loc.gov/MARC21/slim http://www.loc.gov/standards/marcxml/schema/MARC21slim.xsd">
   <leader>00925njm 22002777a 4500</leader>
   <datafield ind2=" " ind1=" " tag="042">
      <subfield code="a">dc</subfield>
   </datafield>
   <datafield ind2=" " ind1=" " tag="720">
      <subfield code="a">Panzuto Piccini, Nicolás</subfield>
      <subfield code="e">author</subfield>
   </datafield>
   <datafield ind2=" " ind1=" " tag="720">
      <subfield code="a">Cassany, Daniel</subfield>
      <subfield code="e">author</subfield>
   </datafield>
   <datafield ind2=" " ind1=" " tag="260">
      <subfield code="c">2025-01-27T17:48:37Z</subfield>
   </datafield>
   <datafield ind2=" " ind1=" " tag="260">
      <subfield code="c">2025-01-27T17:48:37Z</subfield>
   </datafield>
   <datafield ind2=" " ind1=" " tag="260">
      <subfield code="c">2023</subfield>
   </datafield>
   <datafield ind2=" " ind1=" " tag="520">
      <subfield code="a">En un canal de cultura participativa con espectáculos vernáculos como YouTube, nos preguntamos cómo consiguen los youtubers hispanos producir contenidos comprensibles para todo el planeta con su estilo coloquial. Para responder a esta pregunta recopilamos 57 vídeos (690 minutos) de juegos dialectales con 118 hablantes que compiten entre sí para entender 1102 expresiones de 19 países. Con enfoque interdisciplinario (lexicográfico, dialectológico, discursivo y sociolingüístico) analizamos su estructura textual, la selección de expresiones, la representatividad de los hablantes y sus actitudes sociolingüísticas. Los resultados muestran que los youtubers combinan juegos onomasiológicos y semasiológicos; simplifican la variación hispanohablante al priorizar su variedad prestigiosa metropolitana y asociarla con todo el país; aprovechan la multimodalidad para facilitar la comprensión del habla; evitan la terminología lingüística pero muestran notable conocimiento sociogeolectal de las expresiones incluidas; distinguen entre una variedad más local para el juego y otra más global para explicarlo a la audiencia, y muestran una actitud motivadora que une a la comunidad hispana, más allá de su diversidad dialectal. Este primer análisis abre caminos para futuras investigaciones más especializadas sobre actitudes sociolingüísticas y el habla hispana youtuber.</subfield>
   </datafield>
   <datafield ind2="0" ind1="0" tag="245">
      <subfield code="a">«Batalla de idiomas»: la variación hispanohablante en YouTube</subfield>
   </datafield>
</record></metadata></record></GetRecord></OAI-PMH>